Capital and knowledge in Asia : changing power relations
Αποθηκεύτηκε σε:
| Άλλοι συγγραφείς: | , |
|---|---|
| Μορφή: | Βιβλίο |
| Γλώσσα: | English |
| Δημοσίευση: |
London :
RoutledgeCurzon,
2003
|
| Σειρά: | RoutledgeCurzon studies in the growth economies of Asia ;
; 46 |
| Θέματα: | |
| Ετικέτες: |
Προσθήκη ετικέτας
Δεν υπάρχουν, Καταχωρήστε ετικέτα πρώτοι!
|
MARC
| LEADER | 00000cam a2200000 i 4500 | ||
|---|---|---|---|
| 001 | 1/54287 | ||
| 008 | 040511s2003 eng d | ||
| 020 | |a 0-415-30417-2 (hbk.) | ||
| 035 | |l 10073239 | ||
| 040 | |a GR-MY-UA |b gre |e aacr | ||
| 041 | 0 | |a eng | |
| 082 | 0 | |a 338.095 | |
| 245 | 1 | 0 | |a Capital and knowledge in Asia : |b changing power relations / |c edited by Heidi Dahles and Otto van den Muijzenberg |
| 260 | |a London : |b RoutledgeCurzon, |c 2003 | ||
| 300 | |a xix, 239 σ.; |c 24 εκ. | ||
| 490 | 1 | |a RoutledgeCurzon studies in the growth economies of Asia |v ; 46 | |
| 650 | 0 | 0 | |a Service industries |z Asia. |
| 650 | 0 | 0 | |a Service industries |z Asia |x Case studies. |
| 650 | 0 | 0 | |a Social mobility |z Asia. |
| 650 | 0 | 0 | |a Industrial policy |z Asia. |
| 651 | 0 | |a Asia |x Economic conditions |y 1945- | |
| 700 | 1 | |a Dahles, Heidi. |4 edt | |
| 700 | 1 | |a Muijzenberg, Otto Diederik van den. |4 edt | |
| 830 | 0 | |a RoutledgeCurzon studies in the growth economies of Asia ; |v ; 46 | |
| 852 | |a INST |b CHIOS |e 20040511 |h 338.095 CAP |p 005200023232 |q 005200023232 |t BK |y 0 | ||
| 901 | |a BIBL2-2003-3 | ||
| 909 | |a Χ |b 108864 | ||
| 970 | |a ΣΠΕΝΤΖΑ |b ΕΛΕΝΗ |z 2003/12/05 | ||